000 01587nam0a22003131 4500
001 RU\INFOCOMM_322\NLR\5000278142
005 20250614080949.0
035 _a(NLR Aleph) 010624411
090 _a10613885
_c10613885
100 _a20130328d1966 |||y0rusy50 ca
101 0 _aeng
_arus
_geng
102 _aRU
105 _ay z||||
200 1 _aNIna Potapova's "Russian course" for English speaking people on 4 records
_fAll-Union record corporation "Melodia". V/o "Mezhdunarodnaya kniga"
210 _aМосква
_cВнешторгиздат
_d[1966]
215 _a80 с.
_d20 см
300 _aНа обл. загл.: "Russian course" for English speaking people on 4 records
300 _aНа обл. загл. также на рус. яз.: Курс русского языка для лиц, говорящих на английском языке по учебнику Н. Потаповой (на грампластинках)
316 _aГрампластинок нет
512 1 _aКурс русского языка на лиц, говорящих на английском языке по учебнику Н. Потаповой (на грампластинках)
_zrus
512 1 _aˆ"‰Russian course" for English speaking people on 4 records
_zeng
686 _aЯ188-1600англ.(гримпласт)
_2rubbk
701 1 _9z01790
_aPotapova
_bN. F.
_gNina Fedorovna
790 1 _9z01701
_aPotapova
_bN.
_gNina
_4070
801 1 _aRU
_bInfocomm
_c20130328
801 0 _aRU
_bINFOCOMM
_gPSBO
852 _aNLR
_jЯ61 Г-4/170
_y2 экз.
942 _cBOOK
980 _aNB